logo

Bir Sreshtho Munshi Abdur Rouf Library
Jhenaidah Cadet College

রাহে বেলায়েত / (Record no. 12491)

MARC details
000 -LEADER
fixed length control field 00845nam a2200229 a 4500
001 - CONTROL NUMBER
JCCL Control Number 12491
003 - CONTROL NUMBER IDENTIFIER
JCCL marc code BD-JhCC
005 - DATE AND TIME OF LATEST TRANSACTION
control field 20221011134023.0
008 - FIXED-LENGTH DATA ELEMENTS--GENERAL INFORMATION
fixed length control field 220312b20022021bg |||| ||a| 001 0 ben d
020 ## - INTERNATIONAL STANDARD BOOK NUMBER
International Standard Book Number 9789849005315
035 ## - SYSTEM CONTROL NUMBER
system control number (BD-JhCC)12491
040 ## - CATALOGING SOURCE
Original cataloging agency BD-JhCC
Modifying agency BD-JhCC
041 ## - LANGUAGE CODE
Language code of Book Bengali
082 ## - DEWEY DECIMAL CLASSIFICATION NUMBER
Classification number 297
Author mark and Year JAH 2021
100 ## - MAIN ENTRY--PERSONAL NAME
Personal name জাহাঙ্গীর,ড.খোন্দকার আব্দুল্লাহ
245 ## - TITLE STATEMENT
Title রাহে বেলায়েত /
Statement of responsibility, etc ড.খোন্দকার আব্দুল্লাহ জাহাঙ্গীর (রাহিমাহুল্লাহ)।
260 ## - PUBLICATION, DISTRIBUTION, ETC. (IMPRINT)
Place of publication, distribution, etc ঝিনাইদহ :
Name of publisher, distributor, etc আস-সুন্নাহ পাবলিকেশন্স;
Date of publication, distribution, etc ২০২১.
300 ## - PHYSICAL DESCRIPTION
Pagination 720 p. :
Dimensions 22 cm.
651 ## - SUBJECT ADDED ENTRY--GEOGRAPHIC NAME
Geographic name Dawaat
942 ## - ADDED ENTRY ELEMENTS (KOHA)
Source of classification or shelving scheme Dewey Decimal Classification
Koha item type Books
Koha issues (borrowed), all copies 1
Holdings
Source of classification or shelving scheme Damaged status Not for loan Home library Current library Shelving location Date of accession Cost, normal purchase price Total Checkouts Full call number Barcode Date last seen Date checked out Copy number Koha item type Method of acquisition Currency
Dewey Decimal Classification     JCC Rouf Library JCC Rouf Library General Stacks 08/01/2021 331.00 1 297 JAH 2021 17104 10/29/2022 10/11/2022 C-1 Books    
Dewey Decimal Classification     JCC Rouf Library JCC Rouf Library General Stacks   220.00   297 JAH 2009 19506 05/14/2024   C-2 Books Purchase BDT

JCC Library | Contacts | JCC Home

Last Update on 23 September 2017
Copyright @ 2017-2020 JCC Rouf Library
Rouf Library, Jhenidah Cadet College (JCC), Bangladesh